000 00599nam 2200169 4500
001 3476
090 _a3476
100 _a20190729k u||y0frey50 ba
101 _aita
200 _aJohann Philipp Becker ed il risorgimento italiano
_bBrochure
_fMarco Paolino
210 _a[Roma]
_cIstituto per la storia del risorgimento italiano
_d1998
215 _app. 215-237
_d24 cm
300 _aTiré à part : Rassegna storica del Risorgimento, Anno 85, Fasc. 2, Aprile-Giugno 1998
600 _94171
_aBecker
_bJohann Philipp
_f1809-1886
607 _9605
_aItalie
700 _94325
_aPaolino
_bMarco
801 _aCH
_bCH-002049-8